Vigyázó szemmel fél évszázad kisebbségben

Bibliographic Details
Main Author: Fábry, Zoltán, 1897-1970 (Author)
Format: Book
Language:Hungarian
PhysicalDescription:337, [8] s. 8°
Published: Bratislava Budapest Madách Könyvkiadó Szépirodalmi Könyvkiadó 1971
Subjects:

MARC

LEADER 00000nam a2200000 a 4500
001 vtls008331378
003 SK-MaSNL
005 20260301182957.0
008 190102s1971 xo 000 hun
015 |a SKSNBA1971/02-00348 
035 |a SK01SNK19710023595 
035 |a SKM000026058 
040 |a SNK  |b slo  |c SNK  |e AACR2 
041 1 |a hun 
044 |a xo  |c SK 
080 |a 323.15(437=945.11):008"1920/1970"=945.11  |2 1981 
080 |a 008(437=945.11)"1920/1970"=945.11  |2 1981 
100 1 |a Fábry, Zoltán,  |d 1897-1970  |4 aut  |9 105120 
245 1 0 |a Vigyázó szemmel  |b fél évszázad kisebbségben  |c Zoltán Fábry 
260 |a Bratislava  |b Madách Könyvkiadó  |a Budapest  |b Szépirodalmi Könyvkiadó  |c 1971  |e Bratislava  |f Pravda 
300 |a 337, [8] s.  |c 8° 
500 |a Pozn. 
500 |a Vyd. Madách Könyvkiadó pre Szépirod. Könyvkiadó, Budapest 
563 |a 700+3000 výtl. 
650 0 7 |a kultúra maďarská  |z Česko-Slovensko  |y 1920-1970  |x články  |2 SNK  |9 557610 
650 0 7 |a Maďari  |z Česko-Slovensko  |y 1920-1970  |x články  |2 SNK  |9 557611 
651 7 |a Československo  |x kultúra národnostná  |y 1920-1970  |x články  |2 SNK  |9 557612 
655 7 |a príručky  |2 SNKPH  |9 74364 
852 |a Slovenská národná knižnica v Martine  |b 10000  |h SD 38665 
852 |a Slovenská národná knižnica v Martine  |b 10000  |h SD 38665 D1 
919 |a viaz. 
958 |a TL 
958 |a RK 
958 |a HU 
999 |c 855415  |d 857345 
952 |a SNK  |b SNK  |y PREZ  |7 0  |p 17A0899960  |o snkSD 38665  |i snkKSP 2423/71  |0 0  |1 0  |4 0  |d 2023-06-23  |l 0  |r 2026-02-24 04:54:55  |w 2026-02-24 
952 |a SNK  |b SNK  |y VYP  |7 0  |p 17A1345863  |o snkSD 38665 D1  |i snkKSP 2424/71  |0 0  |1 0  |4 0  |d 2023-06-23  |l 0  |r 2026-02-24 04:54:55  |w 2026-02-24 
952 |a SNK  |b SNK  |y VYP  |7 0  |p 17A1345864  |o snkSD 38665 D2  |i snkKSP 4831/71  |0 0  |1 0  |4 0  |d 2023-06-23  |l 0  |r 2026-02-24 04:54:55  |w 2026-02-24